Role of the Traditional Armament in 21st Century Warfare
Úloha tradičnej výzbroje sa líši od tej, aká bola v minulosti. Zatiaľ čo konvenčné zbrane boli kľúčové počas prvej a druhej svetovej vojny, ich význam v konfliktoch 21. storočia sa vyvíja. Skúmaním intervencie pod vedením USA v Iraku v roku 2003 a ruskej invázie na Ukrajinu v roku 2022 je zrejmé, že...
Saved in:
| Main Author: | |
|---|---|
| Format: | Book Chapter |
| Language: | English |
| Subjects: | |
| Tags: |
No Tags, Be the first to tag this record!
|
MARC
| LEADER | 00000naa$a2200000$$$4500 | ||
|---|---|---|---|
| 001 | 0314483 | ||
| 005 | 20260123125227.2 | ||
| 041 | 0 | |a eng | |
| 044 | |a SK | ||
| 245 | 1 | 0 | |a Role of the Traditional Armament in 21st Century Warfare |c Juraj Sýkora |
| 520 | |a Úloha tradičnej výzbroje sa líši od tej, aká bola v minulosti. Zatiaľ čo konvenčné zbrane boli kľúčové počas prvej a druhej svetovej vojny, ich význam v konfliktoch 21. storočia sa vyvíja. Skúmaním intervencie pod vedením USA v Iraku v roku 2003 a ruskej invázie na Ukrajinu v roku 2022 je zrejmé, že kvantitatívna a/alebo kvalitatívna technologická prevaha nezaručuje úspech v konflikte. Článok ukazuje, že hoci konvenčné sily a vojaci v teréne naďalej zohrávajú vo vojne dôležitú úlohu, nezabezpečujú dosiahnutie strategických cieľov, pokiaľ nie sú sprevádzané vhodným súborom moderných vojnových spôsobilostí. | ||
| 610 | 2 | 0 | |a právo |
| 610 | 2 | 0 | |a Európska únia |
| 610 | 2 | 0 | |a technika zbrojná |
| 610 | 2 | 0 | |a zbrojenie |
| 610 | 2 | 0 | |a konflikty |
| 610 | 2 | 0 | |a politika zahraničná |
| 610 | 2 | 0 | |a porovnanie medzinárodné |
| 100 | 1 | |a Sýkora, Juraj, 1998- | |